| 000 | 00392nam a22001697a 4500 | ||
|---|---|---|---|
| 003 | OSt | ||
| 005 | 20220322105741.0 | ||
| 008 | 220322b |||||||| |||| 00| 0 eng d | ||
| 020 | _a9788131512579 | ||
| 040 | _cHU | ||
| 082 | _a620.004 | ||
| 100 |
_aDuff M. Jon _933812 |
||
| 245 | _aEngineering Design And Visualizationu | ||
| 260 |
_aUK _bUS |
||
| 300 | _f384 | ||
| 942 |
_2ddc _cBOOKS _n0 |
||
| 999 |
_c33388 _d33388 |
||